000 01619nam0 2200385 ib4500
001 BY-MI0006-br8925789
005 20260113103608.0
010 ^a0-7475-5442-0
^d5р.02к.
035 ^a(BY-MI0006)BY-MI0006-br8925789
100 ^a20260113d2001 am y0rusy50 ba
101 0 ^aeng
102 ^aGB
105 ^aa z 000ay
109 ^ama
200 1 ^aHarry Potter and the Goblet of Fire
^fJ. K. Rowling
210 ^aLondon
^cBloomsbury
^d2001
215 ^a796, [3] c.
^cил.
^d18 см
541 1 ^aГарри Поттер и Кубок огня
606 0 ^aРОМАНЫ
^3BY-NLB-ar2652541
^2DVNLB
606 0 ^aФЭНТЕЗИ
^3BY-NLB-ar3151256
^2DVNLB
606 0 ^aАНГЛИЙСКАЯ ЛИТЕРАТУРА
^3BY-NLB-ar2468
^2DVNLB
606 0 ^aХУДОЖЕСТВЕННАЯ ЛИТЕРАТУРА
^3BY-NLB-ar37179
^2DVNLB
606 0 ^aДЕТСКАЯ ЛИТЕРАТУРА
^3BY-NLB-ar2691728
^2DVNLB
608 ^aДЕТСКАЯ И ЮНОШЕСКАЯ ЛИТЕРАТУРА (художеств. произведение)
^3BY-NLB-ar9019
^2BYGNR
608 ^aФЭНТЕЗИ (лит. произведение)
^3BY-NLB-ar59161
^2BYGNR
608 ^aРОМАН
^3BY-NLB-ar92012
^2BYGNR
620 ^dЛондон
^aВеликобритания
^3BY-NLB-ar2505454
686 ^a84(4Вел)-4 + 81.2Англ
^2rubbk
690 ^a1
^2Base
^9BY-MI0006
^xRSEK
700 1 ^aRowling
^bJ.K.
^gJoanne Katheline
^cписательница
^fнар. 1965
^3BY-CNB-a615389
801 0 ^aBY
^bBY-MI0006
^c20260113
^gRCR
899 0 ^aBY-MI0006
^iR84
^h84(4Вел)-4